000 00613nam a2200229Ia 4500
003 OSt
005 20220928104000.0
006 a|||||r|||| 00| 0
007 ta
008 220927b |||||||| |||| 00| 0 hin d
024 _a64502
037 _cTextual
040 _aSDCL
_cSDCL
_bhin
041 _2hin
_ahin
082 _aV2,61:24'C, L2
100 _aMishr Sudama
_9407963
245 0 _aPrachin Bharat me janpad rajya
260 _aVaranasi
_bKashi Vidhyapeeth Prakashan
_c1972
300 _a252p.
_ccm.
942 _hV2,61:24'C, L2
_cTEXL
_2CC
999 _c723474
_d723474